1857 Ki Rajkranti (Na Bhulne Wali Dastan) (Record no. 1678594)

MARC details
000 -LEADER
fixed length control field 00315 a2200121 4500
000 - LEADER
fixed length control field nam a22 7a 4500
005 - DATE AND TIME OF LATEST TRANSACTION
control field 20260203155451.0
020 ## - INTERNATIONAL STANDARD BOOK NUMBER
International Standard Book Number 9789348409607
100 ## - MAIN ENTRY--PERSONAL NAME
Personal name Karmendu Shishir
9 (RLIN) 1113452
245 ## - TITLE STATEMENT
Title 1857 Ki Rajkranti (Na Bhulne Wali Dastan)
260 ## - PUBLICATION, DISTRIBUTION, ETC.
Name of publisher, distributor, etc. Ananya Prakashan
Date of publication, distribution, etc. 2025
942 ## - ADDED ENTRY ELEMENTS (KOHA)
Koha item type Textual
Holdings
Withdrawn status Lost status Source of classification or shelving scheme Damaged status Not for loan Home library Current library Date acquired Source of acquisition Cost, normal purchase price Inventory number Total Checkouts Barcode Date last seen Cost, replacement price Price effective from Koha item type
    Colon Classification (CC)   Ordered South Campus Library South Campus Library 2026-02-07 122 396.00 NKP-1069 & 08/12/2025   SC1809296 2026-02-07 495.00 2026-02-07 Textual
Copyright @ Delhi University Library System